00558nam a2200169 a 450000500170000000800410001702000150005805000240007310000200009724501110011726000480022830000220027652100090029865000260030765000330033365000220036620140310183139.0020819s19uu xx 00 eng d a0195117646 aHD 58.8b.F545 1998 aFlamholtz, Eric aChanging the game:cEric Flamholtz.b organizational transformation of the first, second and third kinds / aNew York :bOxford University Press,c1998. a308 p. :c23 cm.  aBSBA aOrganizational change aOrganizational effectiveness aCorporate culture